000 00560nam a22002297a 4500
003 UA-OsUOA
001 49763
007 ta
008 20071011b un ||||| |||| 00| 0 ukr d
100 _aМуратов І.
090 _a821.161.2
_bМ91
942 _cBK
040 _aUA-OsUOA
_bukr
_cUA-OsUOA
_dUA-OsUOA
245 _aОсінні сурми
300 _a114 с.
955 _a3
041 _aukr
080 _a821.161.2
260 _aК.
_c1964
650 7 _a82 Література. Літературознавство
_2UDC
999 _c335866
_d335866